00680 2200253 4500001002100000005001500021035002500036008004100061082001400102090001800116100002600134245005600160260004800216300003200264850001200296985000600308986000900314040001700323084001600340041000800356651002500364990001900389990001800408YOGYA-0209000007234920181220115710 a0010-020900000072349090227s1963 jkic f s ind d04223a959.8 aL 959.8 ROE a0 aRoeslan AbdulganicH.10aApi revolusi tetap berkobar /cH. Roeslan Abdulgani aDjakarta :bDepartemen Penerangan RI,c1963 a93 halaman :bfoto ;c20 cm aYOPDYOG a1 aHeru aYOPDYOGbind a959.8 ROE a0 aind 4aIndonesia--xsejarah a36262-PD/A..08 a61463-PD/A.18